01305nam a22003497a 4500003000500000005001700005008004100022010001000063011001000073035001000083040000900093090001000102100003700112245012800149260003900277300000900316502009600325590003700421590004100458590004100499590004100540590004100581590004200622650003200664650003200696650003100728901000700759942001000766949003500776999001700811952012700828CHAP20220329135058.0971013s1973 r 00010 d a30594 a31566 a35678 cCHAP aTesis00aMarenco Cardenal, José.971325 aEvaluación de un sintético F1 de alfalfa (Medicago Sativa L.), y sus variedades progenitoras en Apodaca, N.L. 1970-1972 aMonterrey, N.L. :bEl autor,c1973 a90 h aTesis (Ing. Agrónomo Fitotecnista) -- ITESM. Div. de Ciencias Agropecuarias y Marítimas aALEPHb10c20130110lUCH01h1252 aBATCH-UPDb10c20130110lUCH01h0052 aBATCH-UPDb10c20130110lUCH01h1309 aBATCH-UPDb10c20130409lUCH01h2040 aBATCH-UPDb10c20130914lUCH01h0250 aCONVERSIONb10c20130109lUCH01h131714aAlfalfa como forraje.9389914aAlfalfaxRendimiento.9388714aAlfalfaxVariedades.93893 aBK cTESIS bBCcTESd-82554eTS1i35678si c30594d30594 00102local4051708TESISaBCbBCcPA_TESISd2012-12-17fTESISl0oTesisp-82554r2019-12-31 00:00:00w2019-12-31yTESIS